Artists Beginning With N - Statistics

General Stats
  • This quiz has been taken 286 times
  • The average score is 6 of 12
Answer Stats
Hint Answer % Correct
Smells Like Teen Spirit Nirvana
97%
Sweet Caroline Neil Diamond
72%
Bye Bye Bye 'N Sync
64%
Starships Nicki Minaj
61%
Don't Speak No Doubt
60%
How You Remind Me Nickelback
57%
Blue Monday New Order
40%
Closer Nine Inch Nails
31%
Hypnotize The Notorious B.I.G.
29%
So Sick Ne-Yo
21%
In the Aeroplane Over the Sea Neutral Milk Hotel
17%
Personality Crisis New York Dolls
7%
No matching quizzes found
Score Distribution
Percent of People with Each Score
Percentile by Number Answered
Your Score History
You have not taken this quiz